000
00252nam a2200109Ia 4500
008
190216s9999||||xx |||||||||||||| ||und||
100
_a
Null
245
0
_a
Mohamed Prophet And Stateman
260
_b
Oup London
650
_a
Islamic History
942
_c
BK
999
_c
21991
_d
21991